2024 News Stories - Name the Country - Statistics

General Stats
  • This quiz has been taken 24,745 times
  • The average score is 10 of 16
Answer Stats
Clue Country % Correct
A major political candidate is nearly assassinated, but escapes with minor injuries to his ear United States
93%
Hosts the Summer Olympics France
91%
Martial law declared by President Yoon Suk Yeol, but it only lasts for six hours South Korea
89%
Introduces a new flag after the regime of Bashar al-Assad is deposed Syria
82%
Keir Starmer elected as Prime Minister United Kingdom
82%
Starts construction on a new mega-city called "The Line" Saudi Arabia
74%
Signs a mutual defense treaty with Russia and is thought to have sent troops to fight in Ukraine North Korea
73%
Joins NATO Sweden
71%
Hundreds of people killed or injured when their pagers explode in their pockets Lebanon
65%
Hamas leader Ismail Haniyeh assassinated Iran
60%
Fails to move its capital to Nusantara as originally planned Indonesia
46%
Claudia Sheinbaum elected President – becoming both the first woman and the first Jewish person to hold the post Mexico
43%
The stock market finally returns to its level from 1989 – a span of 35 years with no gain Japan
37%
The population soars above 41 million, of whom perhaps 30% were born in a different country Canada
28%
Nayib Bukele reelected as President with 80% of the vote El Salvador
27%
Introduces a new currency called the Gold Zimbabwe
15%
No matching quizzes found
Score Distribution
Percent of People with Each Score
Percentile by Number Answered
Your Score History
You have not taken this quiz